00397nam a2200145Ia 4500008004100000020001500041041001200056082001600068100001600084245006700100260004500167300000800212650001500220700001600235221030s9999 xx 000 0 und d a0195669614 aEnglish a105.23bVer aS. K. Verma 0aOxford English - Hindi Dictionarycby S. K. Verma, R. N. Sahai bOxfor University PressiaNew Delhic2004 a807 aDictionary aR. N. Sahai